000 00743nam a2200193 i 4500
001 164372
003 ES-MaACL
005 20251005063130.0
008 050802m18691871fr | |||||||| ||fre d
040 _aCAM
_bspa
_cCAM
100 1 _aSainte-Beuve, Charles-Augustin,
_d1804-1869
_9162958
245 1 0 _aPortraits contemporains /
_cpar C.-A. Sainte-Beuve.
250 _aNouvelle éd. rev., corr. et trés-augm.
260 _aParis :
_bMichel Lévy Frères, éditeurs,
_c1869-1871 (
_fJ. Claye, imprimeur)
300 _a5 v. ;
_c18 cm.
597 _aT. I. (523, [2] p.) -- T. II. (544 p.) -- T. III. (496 p.) -- T. IV. (473, [2] p.) -- T.V. (486, [2] p.)
852 _aES-MaACL
_jG-15875-79
_z-- Enc. hol.
999 _c164372
_d164372